| 000 | 00695nam a22002177a 4500 | ||
|---|---|---|---|
| 999 |
_c10052 _d10052 |
||
| 003 | AR-CdUCM | ||
| 008 | 190329b ||||| |||| 00| 0 spa d | ||
| 040 |
_aMUNICIPALIDAD PROVINCIAL DEL CUSCO _cBIBLIOTECA MUNICIPAL DEL CUSCO |
||
| 082 |
_aEP / 372.460 / _bD68 |
||
| 100 |
_aDiaz Cordova, Alfredo _926602 |
||
| 245 | _aEscritura y Ortografía Panchito / | ||
| 260 |
_aLima : _bEscuela Nueva S. A. |
||
| 300 |
_a63 páginas ; _bIlustraciones _c24cm |
||
| 500 | _aSegundo grado de educación primaria | ||
| 505 | _aContenido: Escritura | ||
| 650 |
_aEscritura _94757 |
||
| 650 |
_aOrtografía _92067 |
||
| 700 |
_aDiaz Guillen, Rosa E. _926603 |
||
| 942 |
_2ddc _cLIBROS |
||
| 945 | _anom | ||